[Event "Monteros op 7th"]
[Site "Monteros"]
[Date "2017.08.19"]
[Round "2"]
[White "Penaloza, Franco"]
[Black "Cuellar, Gustavo Alberto"]
[Result "0-1"]
[WhiteElo "1972"]
[BlackElo "1719"]
[PlyCount "90"]
[EventDate "2017.08.19"]
[EventType "swiss"]
[EventRounds "7"]
[EventCountry "ARG"]
[SourceTitle "EXT 2020"]
[Source "ChessBase"]
[SourceDate "2019.10.17"]
[SourceVersion "1"]
[SourceVersionDate "2019.10.17"]
[SourceQuality "1"]

1. c4 Nf6 2. Nc3 d5 3. d4 e6 4. cxd5 exd5 5. Bg5 Be7 6. e3 0-0 7. Bd3 h6 8. Bh4 Nbd7 9. Nge2 c5 10. 0-0 c4 11. Bc2 a6 12. a4 Re8 13. b3 cxb3 14. Bxb3 Nb6 15. Qd3 g6 16. f3 Be6 17. Nf4 Bf5 18. e4 dxe4 19. fxe4 Nxe4 20. Bxe7 Rxe7 21. Nfd5 Nxd5 22. Nxd5 Rd7 23. Rxf5 gxf5 24. Nf4 Rxd4 25. Bxf7+ Kxf7 26. Qb3+ Kf6 27. Qe6+ Kg5 28. Rf1 Qd6 29. Nh3+ Kh5 30. Qf7+ Kh4 31. Qxf5 Rf8 32. Qxf8 Qxf8 33. Rxf8 Rxa4 34. Rf4+ Kh5 35. g3 Nc3 36. Rf7 b5 37. Rg7 Ne2+ 38. Kf2 Ra2 39. Kf3 Nd4+ 40. Ke4 Ne6 41. Nf4+ Nxf4 42. gxf4 b4 43. f5 b3 44. Rb7 b2 45. Ke5 Ra5+ 0-1